| 000 | 00670nac a22002051u 4500 | ||
|---|---|---|---|
| 010 | _a 89007954 | ||
| 020 | _a0070669511 | ||
| 082 | 0 | 0 |
_a301 _bZ27 |
| 090 |
_c4400 _d4400 |
||
| 100 | _aVander Zanden, James W. | ||
| 245 | 1 | 0 |
_aSociology : _bthe core / _cJames W. Vander Zanden. |
| 250 | _a2nd ed. | ||
| 260 |
_aNew York : _bMcGraw-Hill,1990 _c1990. |
||
| 300 |
_axiv, 433 p. : _bill. ; _c24 cm. |
||
| 500 | _aIncludes indexes. | ||
| 504 | _aBibliography: p. 387-417. | ||
| 650 | 0 | _aSociology. | |
| 942 |
_cBB _k301Z27 |
||
| 999 |
_c4400 _d4400 |
||